| 000 | 00642nam a2200181 4500 | ||
|---|---|---|---|
| 001 | 138224 | ||
| 003 | ES-MaACL | ||
| 005 | 20250929063206.0 | ||
| 007 | t| | ||
| 008 | 070214s1953 sp r ||||1| spa d | ||
| 100 | 1 |
_aSánchez Tejerina, Isaías, _d1892-1959 _9102947 |
|
| 245 | 1 | 0 |
_aProblemas de Medicina Legal / _cpor Isaías Sánchez Tejerina y Juan Antonio Sánchez Tejerina y Sanjurjo. |
| 260 |
_aMadrid : _b[s. n.], _c1953 ( _fImp. y Litografía Juan Bravo) |
||
| 300 |
_a226 p. ; _c24 cm. |
||
| 700 | 1 |
_aSánchez Tejerina y Sanjurjo, Juan Antonio. _9102948 |
|
| 852 |
_aES-MaACL _jC-6183 _bR.35451 |
||
| 999 |
_c138224 _d138224 |
||